000 01818nam a2200505 i 4500
001 ELB44842
003 FlNmELB
006 m o d |
007 cr cnu||||||||
008 180607s2015 sp a ob 000 0 spa d
020 _z9788416515042
020 _a9788416935338 (e-book)
035 _a(MiAaPQ)EBC5214038
035 _a(Au-PeEL)EBL5214038
035 _a(CaPaEBR)ebr11493663
035 _a(OCoLC)1105912724
040 _aFINmELB
_bspa
_erda
_cFINmELB
050 4 _aDP270
_bB3616 2015
080 _a94(460)
082 0 _a946.082
_223
100 1 _aBayona de la Llana, Antonio.
245 1 0 _aPilar Bayona :
_bbiografía de una pianista /
_cAntonio Bayona de la Llana, Julián Gómez Rodríguez.
264 1 _aZaragoza :
_bPrensas de la Universidad de Zaragoza,
_c2015.
300 _a1 recurso en línea (436 páginas) :
_bilustraciones
336 _atexto
_btxt
_2rdacontent/spa
337 _acomputadora
_bc
_2rdamedia/spa
338 _arecurso en línea
_bcr
_2rdacarrier/spa
490 1 _aDe arte ;
_v7
500 _aContiene índice.
504 _aContiene bibliografía.
588 _aDescripción basada en recurso en línea; Título de la página del título en PDF (e-libro, visto June 7, 2018).
590 _aRecurso electrónico. Santa Fe, Arg.: e-libro, 2018. Disponible vía World Wide Web. El acceso puede estar limitado para las bibliotecas afiliadas a e-libro.
600 1 0 _aBayona, Pilar.
650 0 _aWomen in music
_zSpain.
650 0 _aMusic
_vBiography.
650 4 _aMúsica.
650 4 _aMujer.
650 4 _aBiografía.
651 4 _aEspaña.
655 4 _aLibros electrónicos.
700 1 _aGómez Rodríguez, Julián,
_eautor.
797 2 _ae-libro, Corp.
830 0 _aDe arte ;
_v7.
856 4 0 _uhttps://elibro.net/ereader/usam/44842
999 _c144247
_d144247